Lèxic de restaurants = Léxico de restaurantes = Lexique de restaurants (Registre núm. 54888)
[ vista simple ]
| 000 -LEADER | |
|---|---|
| campo de control de longitud fija | 01066aam a2200325a 44500 |
| 008 - DATOS DE LONGITUD FIJA--INFORMACIÓN GENERAL | |
| campo de control de longitud fija | 930106s1989 cat |
| 041 ## - CÓDIGO DE IDIOMA | |
| Código de lengua del texto/banda sonora o título independiente | cat |
| 041 ## - CÓDIGO DE IDIOMA | |
| Llengües tractades | fre |
| 041 ## - CÓDIGO DE IDIOMA | |
| Llengües tractades | spa |
| 080 ## - NÚMERO DE LA CLASIFICACIÓN DECIMAL UNIVERSAL | |
| Número de la Clasificación Decimal Universal | 642(038) |
| 110 ## - ENTRADA PRINCIPAL--NOMBRE DE ENTIDAD CORPORATIVA | |
| Nombre de entidad corporativa o nombre de jurisdicción como elemento de entrada | Andorra. Govern. Conselleria d'Educació i Cultura. Departament d'Assessorament Lingüístic |
| 9 (RLIN) | 65964 |
| 245 ## - MENCIÓN DEL TÍTULO | |
| Título | Lèxic de restaurants = Léxico de restaurantes = Lexique de restaurants |
| Mención de responsabilidad, etc. | Govern d'Andorra. Conselleria d'Educació i Cultura. Departament d'Assessorament Lingüístic |
| 260 ## - PUBLICACIÓN, DISTRIBUCIÓN, ETC. | |
| Lugar de publicación, distribución, etc. | Andorra |
| Nombre del editor, distribuidor, etc. | Govern d'Andorra. Conselleria d'Educació i Cultura. Departament d'Assessorament Lingüístic |
| Fecha de publicación, distribución, etc. | 1989 |
| 300 ## - DESCRIPCIÓN FÍSICA | |
| Extensión | [80]p. |
| Dimensiones | 23 p. |
| 500 ## - NOTA GENERAL | |
| Nota general | Àmbit d'ús |
| 500 ## - NOTA GENERAL | |
| Nota general | Índex: p.[75] |
| 520 ## - RESUMEN, ETC. | |
| Nombre de termes | 750 |
| 591 ## - Codi de font | |
| Codi de font | 2068 |
| 592 ## - Tipus obra | |
| Tipus d'obra | Obra terminològica |
| 593 ## - Codi CGAT | |
| Codi de la CGAT | KQ |
| 593 ## - Codi CGAT | |
| Codi de la CGAT | KQM |
| 594 ## - Número de document | |
| Número de document | 2068 |
| 650 ## - PUNTO DE ACCESO ADICIONAL DE MATERIA--TÉRMINO DE MATERIA | |
| Término de materia o nombre geográfico como elemento de entrada | gastronomia |
| 9 (RLIN) | 60827 |
| 650 #0 - PUNTO DE ACCESO ADICIONAL DE MATERIA--TÉRMINO DE MATERIA | |
| Término de materia o nombre geográfico como elemento de entrada | restauració |
| 9 (RLIN) | 62753 |
| 901 ## - ELEMENTOS DE DATOS A LOCAL LDA (RLIN) | |
| c | [<1989>] |
| 902 ## - ELEMENTOS DE DATOS B LOCAL, LDB (RLIN) | |
| a | 930106 |
| 942 ## - ELEMENTOS DE ENTRADA SECUNDARIOS (KOHA) | |
| Tipo de ítem Koha | Monografia |
| Suprimir en OPAC | No |
| Fuente del sistema de clasificación o colocación | Clasificación Decimal Dewey |
| Estatus retirado | Estado de pérdida | Estado de daño | No para préstamo | Biblioteca de origen | Biblioteca actual | Fecha de adquisición | Total de préstamos | Signatura topográfica completa | Código de barras | Visto por última vez | Precio de reemplazo | Tipo de ítem Koha |
|---|---|---|---|---|---|---|---|---|---|---|---|---|
| TERMCAT | TERMCAT | 06/01/1993 | KQM 6 | 03941 | 30/09/2021 | 30/09/2021 | MO |